LEADER 02223nam0 22004813i 450 001 TO01103881 005 20231121125843.0 010 $a3458318259 100 $a20161128d1975 ||||0itac50 ba 101 | $ager 102 $ade 181 1$6z01$ai $bxxxe 182 1$6z01$an 200 1 $aReineke Fuchs$fJohann Wolfgang Goethe$gMit Stahlstichen nach Zeichnungen von Wilhelm von Kaulbach 210 $aFrankfurt am Main$cInsel$d1975 215 $a175 p.$cill.$d18 cm. 225 | $aInsel Taschenbuch$v125 410 0$1001CFI0147892$12001 $aInsel Taschenbuch$v125 676 $a831.6$9Poesia tedesca. 1750-1832.$v22 700 1$aGoethe$b, Johann Wolfgang : von$3CFIV000501$4070$0151776 702 1$aKaulbach$b, Wilhelm : von$3TSAV019469 790 1$aGoethe$b, Johan Wolfgang$3BCTV003073$zGoethe, Johann Wolfgang : von 790 0$aGete$3BVEV192657$zGoethe, Johann Wolfgang : von 790 0$aGoethe$3BVEV267017$zGoethe, Johann Wolfgang : von 790 1$aGoethe$b, Johann W.$3CFIV099113$zGoethe, Johann Wolfgang : von 790 1$aGoethe$b, Wolfgang J.$3CFIV118439$zGoethe, Johann Wolfgang : von 790 1$aGoethe$b, J. Wolfgang$3CFIV145055$zGoethe, Johann Wolfgang : von 790 1$aGoethe$b, J. W.$3CFIV151706$zGoethe, Johann Wolfgang : von 790 1$aGoethe$b, Johann Wolfgang$3CFIV151752$zGoethe, Johann Wolfgang : von 790 1$aGoethe$b, Wolfgang$3CFIV161911$zGoethe, Johann Wolfgang : von 790 1$aGoethe$b, Volfango$3NAPV085220$zGoethe, Johann Wolfgang : von 790 1$aGoethe$b, Wolfgang Johann : von$3NAPV085221$zGoethe, Johann Wolfgang : von 790 1$aGoethe$b, Wolfango$3RMLV037531$zGoethe, Johann Wolfgang : von 790 1$aGöthe$b, Wolfgang$3SBNV008821$zGoethe, Johann Wolfgang : von 790 1$aGoethe$b, G. W.$3SBNV036157$zGoethe, Johann Wolfgang : von 801 3$aIT$bIT-01$c20161128 850 $aIT-FR0017 899 $aBiblioteca umanistica Giorgio Aprea$bFR0017 912 $aTO01103881 950 0$aBiblioteca umanistica Giorgio Aprea$d 52MAG 1 COLL I 16$e 52SBA0000219535 VMN RS $fA $h20161129$i20161129 977 $a 52 996 $aReineke Fuchs$91015305 997 $aUNICAS LEADER 01338oam 2200325z- 450 001 9910694009703321 005 20130601091055.0 035 $a(CKB)5470000000935558 035 $a(WsH)cbhfdsohenbcqv 035 $a(BIP)013760566 035 $a(EXLCZ)995470000000935558 100 $a20211006c2006uuuu -u- - 101 0 $aeng 200 14$aThe rising number of disabled veterans deemed unemployable $eis the system failing? : a closer look at VA's individual unemployability benefit : hearing before the Committee on Veterans' Affairs, United States Senate, One Hundred Ninth Congress, first session, October 27, 2005 215 $a1 online resource (iii, 65 p.) 311 $a0-16-076688-5 517 $aRising number of disabled veterans deemed unemployable 606 $aDisability evaluation$xGovernment policy$zUnited States 606 $aDisabled veterans$xEmployment$zUnited States 610 $aDisability evaluation 610 $aVeterans 610 $aLaw 610 $aHistory 615 0$aDisability evaluation$xGovernment policy 615 0$aDisabled veterans$xEmployment 712 02$aUnited States, Congress Senate Committee on Veterans' Affairs Staff,$4oth 906 $aBOOK 912 $a9910694009703321 996 $aThe rising number of disabled veterans deemed unemployable$93191574 997 $aUNINA